Clinical Chemistry in Laboratory Diagnosis (Record no. 8154)

MARC details
000 -LEADER
fixed length control field 00524nam a22001937a 4500
003 - CONTROL NUMBER IDENTIFIER
control field OSt
005 - DATE AND TIME OF LATEST TRANSACTION
control field 20230922132624.0
008 - FIXED-LENGTH DATA ELEMENTS--GENERAL INFORMATION
fixed length control field 230922b |||||||| |||| 00| 0 eng d
020 ## - INTERNATIONAL STANDARD BOOK NUMBER
International Standard Book Number 9781620700303
040 ## - CATALOGING SOURCE
Transcribing agency DDC
082 ## - DEWEY DECIMAL CLASSIFICATION NUMBER
Classification number QY90 N515c 2015
100 ## - MAIN ENTRY--PERSONAL NAME
Relator code Nichols, James H.; Rauch, Carol A.
245 ## - TITLE STATEMENT
Title Clinical Chemistry in Laboratory Diagnosis
260 ## - PUBLICATION, DISTRIBUTION, ETC. (IMPRINT)
Place of publication, distribution, etc. New York; Demosmedical, 2014
300 ## - PHYSICAL DESCRIPTION
Extent xii,158p;ill:
Dimensions 20.5cm
500 ## - GENERAL NOTE
General note Index included
650 ## - SUBJECT ADDED ENTRY--TOPICAL TERM
Topical term or geographic name as entry element Clinical chemistry
9 (RLIN) 428
942 ## - ADDED ENTRY ELEMENTS (KOHA)
Source of classification or shelving scheme Other/Generic Classification Scheme
Koha item type Open Shelf
Holdings
Withdrawn status Lost status Source of classification or shelving scheme Damaged status Not for loan Home library Current library Date acquired Source of acquisition Inventory number Total Checkouts Full call number Barcode Date last seen Koha item type
    Other/Generic Classification Scheme     MUST Main Library MUST Main Library 22/09/2023 Purchase 23/42169   QY90 N515c 2015 2023-0501 22/09/2023 Open Shelf
    Other/Generic Classification Scheme     MUST Main Library MUST Main Library 22/09/2023 Purchase 23/42220   QY90 N515c 2015 2023-0502 22/09/2023 Open Shelf